| 000 | 00771cam a2200241 a 4500 | ||
|---|---|---|---|
| 001 | 38408 | ||
| 003 | (BD-RjUL) | ||
| 005 | 20211209052806.0 | ||
| 008 | 070628s1997 onc 000 0 eng c | ||
| 020 | _a8120323645 | ||
| 020 | _a9788120323643 | ||
| 035 | _a(BD-RjUL) | ||
| 040 |
_aUkCU _c(BD-RjUL) _dUkCU |
||
| 082 |
_223 _a621.381535 _bBEL 2004 |
||
| 100 | 1 |
_aBell, David A., _9118643 |
|
| 245 | 1 | 0 |
_aLaboratory manual for Operational amplifiers and linear ICs / _cDavid A. Bell. |
| 250 | _a2nd ed. | ||
| 260 |
_aNew Delhi : _bPrentice Hall, _cc1997 [reprint 2004]. |
||
| 300 |
_a120 p. ; _c28 cm. |
||
| 650 | 0 |
_aOperational amplifiers _vHandbooks, manuals, etc. _9118644 |
|
| 650 | 0 |
_aLinear integrated circuits _vHandbooks, manuals, etc. _9118645 |
|
| 942 |
_2ddc _cBK |
||
| 999 |
_c38408 _d38408 |
||